000 00404nam a2200145Ia 4500
005 20251222175941.0
008 251222s9999||||xx |||||||||||||| ||spa||
020 _a9786124113635
082 _a657.42/A11
100 _aAbanto Bromley, Martha Cecilia
245 0 _aTratamientos Contables y Tributarios de los Costos de Producción
250 _a1ra.ed.
264 _bInstituto Pacífico
942 _cLIB
999 _c41364
_d41364